Repensar la enseñanza de la geografía y la historia: una mirada desde el género

Saved in:
Bibliografiske detaljer
Main Authors: Hidalgo, Encarna (Author), Juliano, Dolores (Author), Roset, Montserrat (Author), Caba, Angels (Author)
Format: Bog
Sprog:spansk
Udgivet: Barcelona Octaedro 2003
Serier:Recursos, 47
Fag:
Tags: Tilføj Tag
Ingen Tags, Vær først til at tagge denne postø!

MARC

LEADER 00000nam a2200000 a 4500
001 UCL4334
003 CL-VaPUC
008 040109e20030000SP |||||||||||||||||spa|d
020 |a 8480635789 
082 0 4 |a 372.89  |b HID  |2 21 
100 0 |a Hidalgo, Encarna  |e author  |9 481842 
700 0 |a Juliano, Dolores  |e author  |9 481843 
700 0 |a Roset, Montserrat  |e author  |9 481844 
700 0 |a Caba, Angels  |e author  |9 481845 
245 1 0 |a Repensar la enseñanza de la geografía y la historia: una mirada desde el género 
300 |a 318 p 
942 |c BK 
945 |d 20040109 00:00:00  |a cmena 
260 |a Barcelona  |b Octaedro  |c 2003 
650 0 |a Enseñanza de la historia   |9 307330 
650 0 |a Enseñanza de la geografía  |9 310005 
650 0 |a Educación básica   |9 224933 
650 0 |a Planificación del currículo  |9 269599 
650 0 |a Mujeres  |9 257649 
583 |a last modification  |c 20040109 00:00:00  |k Rodrigo Vera 
490 0 |a Recursos, 47 
999 |c 307208  |d 307206 
952 |0 0  |1 0  |4 0  |6 372_890000000000000_HID_2003  |7 0  |8 A  |9 372959  |a BIBHIS  |b BIBHIS  |d 2019-11-21  |i 3961745  |o 372.89 HID 2003  |p 3961745  |r 2025-01-20  |w 2019-11-21  |y BK  |k HIS 
952 |0 0  |1 0  |4 0  |6 372_890000000000000_HID_2003  |7 0  |8 A  |9 372960  |a BIBHIS  |b BIBHIS  |d 2019-11-21  |i 4216989  |o 372.89 HID 2003  |p 4216989  |r 2025-01-20  |w 2019-11-21  |y BK  |k HIS